000
00303nam a22001337a 4500
008
171202b xxu||||| |||| 00| 0 eng d
020
_a
029725790300249500000018
041
_a
eng
080
_a
32
100
_a
18
101
_a
SHP
245
_a
DUDE, WHERE'S MY COUNTRY?
_c
MOORE, M
942
_2
udc
_c
BK
999
_c
38748
_d
38748